Top 10 La Liga Goalscorers of the Decade (2010s) - Statistics

General Stats
  • This quiz has been taken 563 times
  • The average score is 6 of 10
Answer Stats
Rank Player Goals % Correct
2nd Cristiano Ronaldo 304
100%
1st Lionel Messi 369
100%
4th Luis Suárez 141
95%
3rd Karim Benzema 155
92%
9th Gareth Bale 80
79%
5th Antoine Griezmann 141
78%
7th Iago Aspas 96
47%
6th Aritz Aduriz 118
41%
10th Rubén Castro 77
7%
8th Cristhian Stuani 82
5%
No matching quizzes found
Score Distribution
Percent of People with Each Score
Percentile by Number Answered
Your Score History
You have not taken this quiz